[Event "Zuerich op-B 35th"]
[Site "Zuerich"]
[Date "2011.12.29"]
[Round "6"]
[White "Nuri, Kaiwan"]
[Black "Retti, Ivan"]
[Result "0-1"]
[WhiteElo "1841"]
[BlackElo "1929"]
[PlyCount "50"]
[EventDate "2011.12.26"]
[EventType "swiss"]
[EventRounds "7"]
[EventCountry "SUI"]
[SourceTitle "CBM 146 Extra"]
[Source "ChessBase"]
[SourceDate "2012.02.29"]
[SourceVersion "1"]
[SourceVersionDate "2012.02.29"]
[SourceQuality "1"]

1. d4 Nf6 2. Nf3 b5 3. e3 a6 4. c4 bxc4 5. Bxc4 d5 6. Bb3 e6 7. Nc3 Nbd7 8. Ba4 Bb7 9. Ne5 Bd6 10. Bc6 Qc8 11. Qf3 0-0 12. Bxb7 Qxb7 13. Nxd7 Nxd7 14. 0-0 c5 15. dxc5 Nxc5 16. Qe2 Rfc8 17. Qd2 Be5 18. Rb1 Rc6 19. b3 Qc7 20. Ne2 Ne4 21. Qd3 Bxh2+ 22. Kh1 Be5 23. Bb2 Bxb2 24. Rxb2 Rc8 25. Rbb1 Rc2 0-1

[Event "Lenk op 22nd"]
[Site "Lenk"]
[Date "2010.04.01"]
[Round "1"]
[White "Duratti, Lindo"]
[Black "Nuri, Kaiwan"]
[Result "1-0"]
[WhiteElo "2189"]
[BlackElo "1830"]
[PlyCount "65"]
[EventDate "2010.04.01"]
[EventType "swiss"]
[EventRounds "7"]
[EventCountry "SUI"]
[SourceTitle "CBM 135 Extra"]
[Source "ChessBase"]
[SourceDate "2010.05.04"]
[SourceVersion "1"]
[SourceVersionDate "2010.05.04"]
[SourceQuality "1"]

1. Nf3 Nf6 2. c4 g6 3. Nc3 Bg7 4. g3 0-0 5. Bg2 Nc6 6. d4 d5 7. 0-0 dxc4 8. e4 Bg4 9. Be3 a6 10. h3 Bxf3 11. Bxf3 e6 12. a4 Rb8 13. a5 Qc8 14. Qa4 e5 15. d5 Nd4 16. Bg2 b5 17. axb6 Rxb6 18. Qxc4 Rxb2 19. Na4 Rb5 20. Nc5 Rxc5 21. Qxc5 Nb3 22. Qc6 Nxa1 23. Rxa1 Qb8 24. Bg5 Nh5 25. Rxa6 Qb1+ 26. Kh2 Qe1 27. Ra2 Rb8 28. Qxc7 Rb1 29. Ra8+ Bf8 30. Rxf8+ Kxf8 31. Bh6+ Ke8 32. Qc8+ Ke7 33. Bf8+ 1-0

[Event "Zuerich op-B 32nd"]
[Site "Zuerich"]
[Date "2008.12.28"]
[Round "4"]
[White "Nuri, Kaiwan"]
[Black "Zindel, Ernst"]
[Result "0-1"]
[WhiteElo "1810"]
[BlackElo "1979"]
[PlyCount "44"]
[EventDate "2008.12.26"]
[EventType "swiss"]
[EventRounds "7"]
[EventCountry "SUI"]
[SourceTitle "CBM 127 Extra"]
[Source "ChessBase"]
[SourceDate "2009.01.08"]
[SourceVersion "2"]
[SourceVersionDate "2009.01.28"]
[SourceQuality "1"]

1. d4 d5 2. c4 c6 3. Nc3 e5 4. cxd5 exd4 5. Qxd4 Nf6 6. e4 cxd5 7. exd5 Be7 8. g3 Nc6 9. Qd1 Nb4 10. Bb5+ Kf8 11. Nf3 Bh3 12. Ng5 Bg2 13. Rg1 Bxd5 14. Nxd5 Nbxd5 15. Bc4 Qa5+ 16. Kf1 h6 17. Nf3 Rd8 18. Qb3 Qb4 19. Qc2 Rc8 20. b3 b5 21. Qf5 Rc5 22. a3 Qc3 0-1